000 00858nam a2200253Ia 4500
003 OSt
005 20220930194034.0
006 a|||||r|||| 00| 0
007 ta
008 220926b |||||||| |||| 00| 0 fre d
024 _a12287
037 _cDissertations
040 _aCRL
_cCRL
_bfre
041 _2fre
_afre
100 _aShukla Bhavna
_9562923
110 _aUniversity of Delhi. Faculty of Medical Sciences. Department of Anaesthesiology
245 0 _aDispersion of local anaesthetic in the sacral epidural space
_b A clinical & radiological study
260 _c1980
650 _aANESTHETICS
_9519569
700 _a Dr M Mittal Supervisor
_9520731
700 _aUniversity of Delhi. Faculty of Medical Sciences. Department of Anaesthesiology
942 _cDIS
_2CC
999 _c897240
_d897240